000 00813nam0a22002651 4500
001 rc\4815910
005 20250612223507.0
021 _aRU
_b[66-70487]
035 _a(NLR Aleph) 008879736
090 _a8574107
_c8574107
100 _a20130426d1966 |||y0rusy50 ca
101 0 _arus
102 _aRU
105 _aa z |||||
200 1 _aПятидневная рабочая неделя
210 _aДонецк
_cДонбасс
_d1966
215 _a34 с.
_cил.
_d20
606 _aРабочая неделя, пятидневная
_2psbo
700 1 _aЧубенко
_bС.С.
_gСтепан Степанович
701 1 _aШубик
_bВ.Б.
_gВладимир Борисович
801 0 _aRU
_bNLR
_gpsbo
801 1 _aRU
_bELAR
_2rusmarc
852 _aNLR
_j66-4/15604
942 _cBOOK
980 _aNB